000 00812nam a2200253Ia 4500
005 20250117103520.0
008 008 250103s9999 xx 000 0 eng d
020 _a9781032258737
037 _aTextual
040 _aCSL
_beng
_cCSL
041 _aeng
_2eng
084 _aD65 8(B)92PY R3
_qCSL
100 _aLynch, Stephen
_9464523
245 0 _aPython for scientific computing and artificial intelligence
_cLynch, Stephen
260 _aBoc raton
_bCRC Press/T&F
_c2023
300 _axx,313p. Col.ill.
650 _a chemical kinetics
_9717958
650 _a Linear regression
_9451157
650 _a Mandelbrot set
_9733578
650 _a Simple programming in python
_9733579
650 _aOperational Research
942 _cTEXL
_hD65 8(B)92PY R3
999 _c1237615
_d1237615